00443 2200157 4500245006100000020002200061250001000083100001700093005001900110260003700129041001400166084000800180500004700188490004100235336000900276 aWORLD HERITAGE NATURE&CULTURE VOL.01cAGUS SANTOSOhText a978-979-15107-3-8 aCet.1 aAGUS SANTOSO a20240828085843 aJakartabBATARA PUBLISHINGc2009 aIndonesia a959 aDaftar Isi : Afrika selatan, Afrika tengah aWORLD HERITAGE NATURE&CULTURE VOL.01 atext